Fußball - Die aktuellen Rekordspieler der Drittligisten - Statistiken

Allgemein
  • Dieses Quiz wurde 12 mal gespielt
    7 seit der letzten Aktualisierung
  • Das Durchschnittsergebnis liegt bei 5 aus 21
Antwortstatistiken
Verein im Verein seit Einsätze Spieler % Korrekt
Ergebirge Aue 01.07.2008 546 Martin Männel
80%
Wehen Wiesbaden 04.01.2017 299 Sascha Mockenhaupt
60%
1. FC Saarbrücken 01.07.2016 391 Manuel Zeitz
40%
SpVgg Unterhaching 2010-2013; 02.07.2018 318 Markus Schwabl
40%
Borussia Dortmund II 2015-2018; 01.07.2022 166 Michael Eberwein
40%
SG Dynamo Dresden 2016-2017; 01.07.2022 146 Stefan Kutschke
40%
SV Sandhausen 2014-2016; 01.07.2023 101 Alexander Mühling
20%
VfL Osnabrück 2016-2021; 01.07.2023 193 Bashkim Ajdini
20%
SC Verl 01.07.2013 321 Daniel Mikic
20%
VfB Stuttgart II 01.07.2021 117 Dominik Nothnagel
20%
Hannover 96 II 2015-2018; 15.07.2022 154 Fynn Arkenberg
20%
SV Waldhof Mannheim 03.01.2019 309 Marcel Seegert
20%
TSV 1860 München 01.07.2017 257 Marco Hiller
20%
Hansa Rostock 01.07.2019 170 Nico Neidhart
20%
Energie Cottbus 01.07.2019 145 Tobias Hasse
20%
DSC Arminia Bielefeld 04.07.2023 67 Christopher Lannert
0%
DSC Arminia Bielefeld 01.07.2023 67 Jonas Kersken
0%
Rot-Weiss Essen 01.07.2021 132 Jose-Enrique Rios Alonso
0%
FC Ingolstadt 01.07.2022 102 Marius Funk
0%
Alemannia Aachen 2015-2018; 01.07.2023 139 Nils Winter
0%
Viktoria Köln 01.07.2014 287 Patrick Koronkiewicz
0%
Keine übereinstimmenden Quizze gefunden
Verteilung der Resultate
Anzahl Personen mit jedem Resultat
Perzentil nach korrekt beantworteten Fragen
Ihre Resultats-Entwicklung
Sie haben dieses Quiz seit der letzten Aktualisierung nicht gespielt